PEMANASAN GLOBAL MENINGKAT / (Record no. 184908)

MARC details
000 -LEADER
fixed length control field 00934nam a22002897ia4500
005 - DATE AND TIME OF LATEST TRANSACTION
control field 20210912211604.0
008 - FIXED-LENGTH DATA ELEMENTS--GENERAL INFORMATION
fixed length control field 210912s2020 my o|||b |||| 00| 0 may d
020 ## - INTERNATIONAL STANDARD BOOK NUMBER
International Standard Book Number 9789672333012
Qualifying information set
International Standard Book Number 9789672333050
Terms of availability RM39.90
Qualifying information paperback
040 ## - CATALOGING SOURCE
Original cataloging agency PPAK
Language of cataloging eng
Transcribing agency PPAK
Description conventions rda
082 04 - DEWEY DECIMAL CLASSIFICATION NUMBER
Edition number 23
Classification number 551.6
090 00 - LOCALLY ASSIGNED LC-TYPE CALL NUMBER (OCLC); LOCAL CALL NUMBER (RLIN)
Classification number (OCLC) (R) ; Classification number, CALL (RLIN) (NR) 551.6
Feature heading MOH
Feature heading K
100 0# - MAIN ENTRY--PERSONAL NAME
Personal name Mohd Zamri Jaya,
Dates associated with a name 1974-
Relator term author.
245 10 - TITLE STATEMENT
Title PEMANASAN GLOBAL MENINGKAT /
Statement of responsibility, etc. MOHD ZAMRI JAYA
264 #1 - PRODUCTION, PUBLICATION, DISTRIBUTION, MANUFACTURE, AND COPYRIGHT NOTICE
Place of production, publication, distribution, manufacture Tanjung Karang, Selangor :
Name of producer, publisher, distributor, manufacturer Waridah Resources,
Date of production, publication, distribution, manufacture, or copyright notice 2020
300 ## - PHYSICAL DESCRIPTION
Extent 40 pages :
Other physical details colour photograph ;
Dimensions 26 cm
336 ## - CONTENT TYPE
Source rdacontent
Content type term text
337 ## - MEDIA TYPE
Source rdamedia
Media type term unmediated
338 ## - CARRIER TYPE
Source rdacarrier
Carrier type term volume
490 1# - SERIES STATEMENT
Series statement RISIKO PERUBAHAN IKLIM DUNIA
500 ## - GENERAL NOTE
General note Includes questions and exercises.
650 10 - SUBJECT ADDED ENTRY--TOPICAL TERM
Topical term or geographic name entry element Climatic changes
Topical term or geographic name entry element Global warming
Topical term or geographic name entry element Global temperature changes
830 #0 - SERIES ADDED ENTRY--UNIFORM TITLE
Uniform title Risiko perubahan iklim dunia
942 ## - ADDED ENTRY ELEMENTS (KOHA)
Source of classification or shelving scheme Dewey Decimal Classification
Koha item type Book
Holdings
Withdrawn Not for loan Current library Shelving location Date acquired Total Checkouts Full call number Barcode Date last seen Date last checked out Koha item type
    Perpustakaan Alor Setar Pinjaman Kanak-kanak 12/10/2021 1 K 551.6 MOH A01710563 09/11/2025 23/10/2025 Book
    Perpustakaan Awam Sungai Petani Pinjaman Kanak-kanak 12/10/2021   K 551.6 MOH A01710564 12/10/2021   Book
    Perpustakaan Baling Pinjaman Kanak-kanak 12/10/2021   K 551.6 MOH A01710568 12/10/2021   Book
    Perpustakaan Bandar Baharu Pinjaman Kanak-kanak 12/10/2021   K 551.6 MOH A01710569 12/10/2021   Book
    Perpustakaan Jitra Pinjaman Kanak-kanak 12/10/2021   K 551.6 MOH A01710565 12/10/2021   Book
    Perpustakaan Kuala Nerang Pinjaman Kanak-kanak 12/10/2021   K 551.6 MOH A01710573 12/10/2021   Book
    Perpustakaan Kulim Pinjaman Kanak-kanak 12/10/2021   K 551.6 MOH A01710567 12/10/2021   Book
    Perpustakaan Langkawi Pinjaman Kanak-kanak 12/10/2021   K 551.6 MOH A01710566 12/10/2021   Book
    Perpustakaan Merbok Pinjaman Kanak-kanak 12/10/2021   K 551.6 MOH A01710570 12/10/2021   Book
    Perpustakaan Pendang Pinjaman Kanak-kanak 12/10/2021   K 551.6 MOH A01710574 12/10/2021   Book
    Perpustakaan Sik Pinjaman Kanak-kanak 12/10/2021   K 551.6 MOH A01710572 12/10/2021   Book
    Perpustakaan Yan Pinjaman Kanak-kanak 12/10/2021   K 551.6 MOH A01710571 12/10/2021   Book